Southville International School and Colleges
Your cart is empty.
  • Cart
  • Lists
    Public lists Eva Luna New books Lux_list list_1
    Your lists Log in to create your own lists
  • Log in to your account
  • Your cookies
  • Search history
Southville International School and Colleges
  • Advanced search
  • Recent comments
  • Most popular
  • Libraries

Log in to your account

Log in with GOOGLE


If you do not have an external account, but do have a local account, you can still log in:

  1. Home
  2. MARC view: 140 days of terror :
Normal view MARC view ISBD view

140 days of terror : (Record no. 17105)

[ view plain ]
MARC details
000 -LEADER
fixed length control field 01217cam a22003497a 4500
001 - CONTROL NUMBER
control field 13762736
003 - CONTROL NUMBER IDENTIFIER
control field OSt
005 - DATE AND TIME OF LATEST TRANSACTION
control field 20140310182902.0
008 - FIXED-LENGTH DATA ELEMENTS--GENERAL INFORMATION
fixed length control field 031217s2004 ph ab 000 0 eng
010 ## - LIBRARY OF CONGRESS CONTROL NUMBER
LC control number 2003532922
020 ## - INTERNATIONAL STANDARD BOOK NUMBER
International Standard Book Number 9712714020
035 ## - SYSTEM CONTROL NUMBER
System control number (DLC) 2003532922
037 ## - SOURCE OF ACQUISITION
Source of stock number/acquisition Library of Congress -- Jakarta Overseas Office
Terms of availability P350.00
040 ## - CATALOGING SOURCE
Original cataloging agency DLC
Transcribing agency DLC
Modifying agency DLC
042 ## - AUTHENTICATION CODE
Authentication code lcode
050 00 - LIBRARY OF CONGRESS CALL NUMBER
Classification number HV 6433
Item number .Av951 2004
082 ## - DEWEY DECIMAL CLASSIFICATION NUMBER
Classification number FIL 959.9048092
Item number .Av951 2004
100 1# - MAIN ENTRY--PERSONAL NAME
Personal name Aventajado, Roberto N.
245 10 - TITLE STATEMENT
Title 140 days of terror :
Remainder of title in the clutches of the Abu Sayyaf /
Statement of responsibility, etc Aventajado, Roberto N. with Teodoro Y. Montelibano.
246 3# - VARYING FORM OF TITLE
Title proper/short title One hundred forty days of terror, in the clutches of the Abu Sayyaf
260 ## - PUBLICATION, DISTRIBUTION, ETC. (IMPRINT)
Place of publication, distribution, etc Pasig City, Philippines :
Name of publisher, distributor, etc Published and exclusively distributed by Anvil Pub.,
Date of publication, distribution, etc c2004.
300 ## - PHYSICAL DESCRIPTION
Extent x, 199 p. :
Other physical details ill., maps ;
Dimensions 23 cm.
521 ## - TARGET AUDIENCE NOTE
Target audience note
526 ## - STUDY PROGRAM INFORMATION NOTE
Reading level 1210-1700
541 ## - IMMEDIATE SOURCE OF ACQUISITION NOTE
-- 1
541 ## - IMMEDIATE SOURCE OF ACQUISITION NOTE
-- 2
562 ## - COPY AND VERSION IDENTIFICATION NOTE
Number of copies 2
700 1# - ADDED ENTRY--PERSONAL NAME
Personal name Montelibano, Teodoro Y.
906 ## - LOCAL DATA ELEMENT F, LDF (RLIN)
a 7
b cbc
c origode
d 4
e ncip
f 20
g y-gencatlg
942 ## - ADDED ENTRY ELEMENTS (KOHA)
Source of classification or shelving scheme Library of Congress Classification
Koha item type Books
Call number prefix Filipininana
Holdings
Withdrawn status Lost status Source of classification or shelving scheme Damaged status Home library Current library Shelving location Date acquired Total Checkouts Full call number Barcode Date last seen Copy number Price effective from Koha item type
    Library of Congress Classification   College Library College Library Filipiniana Section 11/05/2012   HV 6433 .Av951 2004 C16012 05/08/2018 1 11/05/2012 Books
    Library of Congress Classification   College Library College Library Filipiniana Section 05/03/2013   HV 6433 .Av951 2004 C15015 05/08/2018 2 05/03/2013 Books

140 days of terror :

APA

Aventajado R. N., Montelibano T. Y., . (2004). 140 days of terror. Pasig City, Philippines: Published and exclusively distributed by Anvil Pub.

Chicago

Aventajado Roberto N, Montelibano Teodoro Y, . 2004. 140 days of terror. Pasig City, Philippines: Published and exclusively distributed by Anvil Pub.

Harvard

Aventajado R. N., Montelibano T. Y., . (2004). 140 days of terror. Pasig City, Philippines: Published and exclusively distributed by Anvil Pub.

MLA

Aventajado Roberto N, Montelibano Teodoro Y, . 140 days of terror. Pasig City, Philippines: Published and exclusively distributed by Anvil Pub. 2004.

  • Place hold
  • Print
  • Cite
  • Add to your cart (remove)
  • Save record
    BIBTEX Dublin Core MARCXML MARC (non-Unicode/MARC-8) MARC (Unicode/UTF-8) MARC (Unicode/UTF-8, Standard) MODS (XML) RIS
  • More searches
    Search for this title in:
    Other Libraries (WorldCat) Other Databases (Google Scholar) Online Stores (Bookfinder.com) Open Library (openlibrary.org)

Exporting to Dublin Core...

SOUTHVILLE LIBRARY

Southville International School and Colleges Library

1281 Tropical Ave. Cor. Luxembourg St., BF Homes International, Las Pinas City

Tel. No. 8256374 / 252358 Loc. 117/146

Powered by Koha